000 00696nam a2200241 u 4500
001 763830
005 20240201183229.0
007 co|||||||
008 020727s2001 spa
035 _a763830
035 _a(OCoLC)777828680
040 _ccomduadb
041 _aspa
100 1 0 _aEscobar Toro, Pablo Andres
_4aut
_eaut
_9359557
245 1 0 _aEnfermedad diarreica aguda
300 _aConferencia No. 15
650 _aEnfermedad diarreica aguda (EDA)
_975111
650 _aNiños
_9575
650 _aDeshidratación
_925947
650 _aTratamiento
_9156667
773 0 _tPrimer curso de actualización para médicos generales
_w763814
_0250753
942 _cBOOK
_n0
999 _c248317
_d248317